000 00350 a2200169 4500
001 183249
020 _a
040 _cMagnum
100 _aWilkerson, David
240 1 0 _aA cruz e o punhal
_lpor
245 1 0 _aA cruz e o punhal
300 _a219
362 0 _a1983
440 1 _aGlobo
697 _aLITERATURA GERAL ESTRANGEIRA
942 _cBK
999 _c183249
_d183249